Higher engineering mathematics / (Record no. 135733)

MARC details
000 -LEADER
fixed length control field 00760nam a22002537a 4500
005 - DATE AND TIME OF LATEST TRANSACTION
control field 20170124110249.0
010 ## - LIBRARY OF CONGRESS CONTROL NUMBER
LC control number B-422635
020 ## - INTERNATIONAL STANDARD BOOK NUMBER
Terms of availability 00.00
International Standard Book Number 8174091955
035 ## - SYSTEM CONTROL NUMBER
System control number B-422635
037 ## - SOURCE OF ACQUISITION
Source of stock number/acquisition Cen Lib/Ret
040 ## - CATALOGING SOURCE
Original cataloging agency DPL
Language of cataloging EN
082 ## - DEWEY DECIMAL CLASSIFICATION NUMBER
Classification number 620.00151
Item number GRE
100 ## - MAIN ENTRY--PERSONAL NAME
Personal name Grewal, B.S.
9 (RLIN) 98224
245 ## - TITLE STATEMENT
Title Higher engineering mathematics /
Statement of responsibility, etc by B.S. Grewal [and] J.S. Grewal
250 ## - EDITION STATEMENT
Edition statement 40th ed
260 ## - PUBLICATION, DISTRIBUTION, ETC. (IMPRINT)
Place of publication, distribution, etc New Delhi
Name of publisher, distributor, etc Khanna Publishers
Date of publication, distribution, etc 2007
270 ## - ADDRESS
City New Delhi
Address 4575/15, Dariyaganj
Postal code 110002
300 ## - PHYSICAL DESCRIPTION
Extent xix, 1391p.
Dimensions 21cm(Hb)
500 ## - GENERAL NOTE
General note Includes index
650 ## - SUBJECT ADDED ENTRY--TOPICAL TERM
Topical term or geographic name as entry element Mathematics
9 (RLIN) 8937
650 ## - SUBJECT ADDED ENTRY--TOPICAL TERM
Topical term or geographic name as entry element Engineering mathematics
9 (RLIN) 98225
700 ## - ADDED ENTRY--PERSONAL NAME
Personal name Grewal, J.S.
9 (RLIN) 21899
942 ## - ADDED ENTRY ELEMENTS (KOHA)
Source of classification or shelving scheme Dewey Decimal Classification
Koha item type English Books
Classification part 620.00151
Call number suffix GRE
Holdings
Withdrawn status Lost status Source of classification or shelving scheme Damaged status Not for loan Home library Current library Date acquired Source of acquisition Cost, normal purchase price Total Checkouts Full call number Barcode Date last seen Copy number Cost, replacement price Price effective from Koha item type
    Dewey Decimal Classification   Not For Loan Central Library Central Library 08/10/2015 Cen Lib/Ret 0.00   620.00151 GRE B-422635 08/10/2015 1 0.00 08/10/2015 English Books

© Delhi Public Library
Hit Counter
free hit counter